00507 2200193 4500001002100000005001500021035002000036007000300056008004100059082001000100084001600110245002500126260005400151300002300205650001400228650001500242111003600257990002000293INLIS00000000000290720260423075704 a0010-0426000001ta260423 f 0 ind  a630.7 a630.7 YAY p1 aPenyuluhan Pertanian aJakarta :bYayasan Pengembangan Sinar Tani,c2001 a514 hlm. ;c25 cm. 4aPertanian 4aPenyuluhan2 aYayasan Pengembangan Sinar Tani a20220423.01.001